| 000 | 01195nam a2200289 a 4500 | ||
|---|---|---|---|
| 001 | 000016502 | ||
| 005 | 20260219105723.0 | ||
| 008 | 100305s1989 dr 001 0 spa d | ||
| 040 |
_aDO-SdBNP _bspa _cBNPHU |
||
| 082 |
_a378.7293 _bS211u |
||
| 100 | 1 |
_aSánchez Hernández, Antonio _99746 |
|
| 245 | 1 | 3 |
_aLa universidad de nuestros días / _cAntonio Sánchez Hernández. |
| 260 |
_aSanto Domingo : _bUASD, _c1989. |
||
| 300 |
_a176 P. ; _c21 cm. |
||
| 490 | 1 |
_aPublicaciones de la Universidad Autónoma de Santo Domingo _v621 |
|
| 490 | 1 |
_aUniversidad y Planificación _v12 |
|
| 500 | _aIncluye datos biográficos del autor en la contracubierta. | ||
| 504 | _aIncluye bibliografía y notas al pie de páginas. | ||
| 590 | _aInventariado, 2018/ YL | ||
| 610 | 0 |
_aUniversidad Autónoma de Santo Domingo _976692 |
|
| 650 | 4 |
_aUniversidades _xFines y objetivos _936732 |
|
| 650 | 4 |
_aPlanificación universitaria _zRepública Dominicana _919531 |
|
| 650 | 0 |
_aEducación superior _zRepública Dominicana _9730 |
|
| 830 |
_aPublicaciones de la Universidad Autónoma de Santo Domingo _v621 _952 |
||
| 830 | 0 |
_aUniversidad y Planificación _n12 _936733 |
|
| 910 | _aValidado. Control de calidad EMS. | ||
| 999 |
_c16037 _d16037 |
||